Oh Oh Cherso Quiz Stats

 Plays Quiz not verified by Sporcle

Score 0/8 Timer 01:00
0 Plays Today
Sexe Name % Correct
Tony (Sterretje)
97.9%
Samantha (Barbie)
96.7%
Robert (Joker)
89.3%
Vincent (Sniper)
87.2%
Joey (Matsoe Matsoe)
86%
Roos (Little Princess)
83.5%
Bibi (Kabouter)
83.1%
Elize
63.2%

You're not logged in!

Compare scores with friends on all Sporcle quizzes.
OR
Log In

Show Comments

Extras

Created Oct 17, 2010ReportNominate
Tags:dutch, Netherlands, The Hague

Top Quizzes Today


Score Distribution

Your Account Isn't Verified!

In order to create a playlist on Sporcle, you need to verify the email address you used during registration. Go to your Sporcle Settings to finish the process.

Report this User

Report this user for behavior that violates our Community Guidelines.

Details: